| 000 | 01314nam a22002895a 4500 | ||
|---|---|---|---|
| 003 | OSt | ||
| 005 | 20170412113239.0 | ||
| 008 | 170412s2007 ua frb 000 0 ara d | ||
| 015 | _a83 / 2888 | ||
| 040 |
_aEG-ScBUE _bara _cEG-ScBUE |
||
| 043 |
_af-ua--- _ae-fr--- |
||
| 082 | 0 | 4 |
_a344.041 _bس ع د _222 |
| 100 | 1 | _aسعد، أحمد محمود. | |
| 245 | 1 | 0 |
_aمسئولية المستشفى الخاص عن أخطاء الطبيب ومساعديه : _bدراسة تحليلية لاتجاهات الفقه والقضاء المصريين والفرنسيين / _cتأليف أحمد محمود سعد. |
| 250 | _aط. 2. | ||
| 260 |
_aالقاهرة : _bدار النهضة العربية، _c2007. |
||
| 300 |
_a685 ص. ؛ _c24 سم. |
||
| 504 | _aيشتمل على إرجاعات ببليوجرافية. | ||
| 650 | 7 |
_aالمسئولية المدنية للأطباء _2BUEsh _zمصر. |
|
| 650 | 7 |
_aالمسئولية المدنية للأطباء _zفرنسا. _2BUEsh |
|
| 650 | 7 |
_aالمسئولية المدنية للأطباء (فقه إسلامي) _2BUEsh |
|
| 650 | 7 |
_aالمستشفيات _xقوانين وتشريعات _zفرنسا. _2BUEsh |
|
| 650 | 7 |
_aالمستشفيات _xقوانين وتشريعات _zمصر. _2BUEsh |
|
| 651 | _2BUEsh | ||
| 653 |
_bLLAAWW _cApril2017 |
||
| 942 | _2ddc | ||
| 999 |
_c24660 _d24632 |
||